Skúsenosti z doterajšej koncentrácie výroby v lesnej prevádzke v podmienkach LZ Smolenice

Podrobná bibliografia
Hlavný autor: Galgoci, Michal (Autor)
Médium: Článok
Jazyk:slovenčina
Fyzický popis:Tb. 1.
Predmet:

MARC

LEADER 00000nab a2200000 a 4500
001 vtls000193405
003 SK-MaSNL
005 20260302205404.0
008 111103c1984 xo 0 slo
015 |a SNBRA19rr/mm-uuuuu 
035 |a CL0203518 
040 |a SNKBUCL  |b slo  |c SNKBUCL  |e AACR2 
041 0 |a slo 
044 |a xo  |c SK 
080 |a 630 3  |2 1981 
100 1 |a Galgoci, Michal  |4 aut  |9 931167 
245 1 0 |a Skúsenosti z doterajšej koncentrácie výroby v lesnej prevádzke v podmienkach LZ Smolenice  |c Michal Galgoci 
300 |b Tb. 1. 
650 0 7 |a Lesný závod, Smolenice  |2 snkbucl  |9 931168 
651 7 |a 5211  |2 snkbucl  |9 283191 
655 7 |a články zo zborníkov  |2 snkbucl  |9 166140 
773 0 |t Projektovanie koncentrovanej výroby  |d Žilina : Dom techniky ČSVTS, 1984  |g S. 42-52 
850 |a Slovenská národná knižnica v Martine  |a MTA001 
852 |a SNK  |b KIS3GCP 
958 |a RK 
992 |a RZB 
999 |c 1477539  |d 1479469